Jesús y la vida nueva: comentario del Evangelio de Lucas, capítulo 24 y Hechos de los Apóstoles, capítulos 1 y 2

Guardat en:
Dades bibliogràfiques
Autor principal: Benetti, Santos (Autor)
Format: Llibre
Idioma:espanyol
Publicat: Santiago Paulinas 1974
Col·lecció:Colección Hombre Nuevo, 8
Matèries:
Etiquetes: Afegir etiqueta
Sense etiquetes, Sigues el primer a etiquetar aquest registre!

MARC

LEADER 00000nam a2200000 a 4500
001 UCW6923
003 CL-VaPUC
008 920710e19740000CL |||||||||||||||||spa|d
082 0 4 |a 226.4  |b BEN  |2 21 
100 0 |a Benetti, Santos  |e author  |9 312001 
245 1 0 |a Jesús y la vida nueva: comentario del Evangelio de Lucas, capítulo 24 y Hechos de los Apóstoles, capítulos 1 y 2 
300 |a 88 p 
942 |c BK 
945 |d 19920710 00:00:00 
260 |a Santiago  |b Paulinas  |c 1974 
650 0 |a Biblia  |9 257603 
650 0 |a Crítica e interpretación   |9 255042 
583 |a last modification  |c 19920710 00:00:00  |k Rodrigo Vera 
490 0 |a Colección Hombre Nuevo, 8 
999 |c 219822  |d 219820